თხზულებანი თორმეტ ტომად = Сочинения в двенадцати томахტომი 2 : ქართული ენის სტრუქტურისა და ისტორიის საკითხები / (ბიბ.ჩანაწერი № 52649)
[ მარტივი ფორმატი ]
| 000 -ლიდერი | |
|---|---|
| ფიქსირებული სიგრძის საკონტროლო ველი | 01545nam a2200253Ia 4500 |
| 001 - საკონტროლო ნომერი | |
| საკონტროლო ველი | 19673 |
| 003 - საკონტროლო ნომრის იდენტიფიკატორი | |
| საკონტროლო ველი | GE_BSU |
| 005 - ბოლო ოპერაციის თარიღი და დრო | |
| საკონტროლო ველი | 20200319211922.0 |
| 008 - ფიქსირებული სიგრძის მონაცემთა ელემენტები - ზოგადი ინფორმაცია | |
| ფიქსირებული სიგრძის საკონტროლო ველი | 181216s1981||||ge |||||||||||||| ||ge || |
| 040 ## - კატალოგიზაციის წყარო | |
| Transcribing agency | GE_BSU |
| 041 ## - ენის კოდი | |
| Language code of text/sound track or separate title | geo |
| 080 ## - უნივერსალური ათობითი კლასიფიკაციის ინდექსი | |
| Universal Decimal Classification number | 811.353.1(09) შ-21 |
| 100 ## - მთავარი ჩანაწერი - პიროვნების სახელი | |
| Personal name | შანიძე, აკაკი. |
| 9 (RLIN) | 5491 |
| 245 ## - ცნობა სათაურის შესახებ | |
| Title | თხზულებანი თორმეტ ტომად = Сочинения в двенадцати томахტომი 2 : ქართული ენის სტრუქტურისა და ისტორიის საკითხები / |
| Statement of responsibility, etc | აკაკი შანიძე ; რედ. შოთა ძიძიგური ; ტომის რედ. კ. დანელია. |
| 264 ## - წარმოების, გამოცემის, დისტრიბუციის და სხვა ცნობები | |
| გამოცემის, წარმოების, დისტრიბუციის... ადგილი | თბილისი : |
| გამოცემის, წარმოების, დისტრიბუციის... სახელწოდება | მეცნიერება, |
| გამოცემის, წარმოების, დისტრიბუციის... თარიღი | 1981. |
| 300 ## - ფიზიკური აღწერა | |
| Extent | 544 გვ. : |
| Other physical details | 1 ფ. პორტრ. ; |
| Dimensions | 22 სმ. |
| 500 ## - ზოგადი შენიშვნა | |
| General note | შენიშვნ. გვ.530-532. - საძიებლები გვ.533-542. - დანართი: ქართული ზმნის საქცევი |
| 653 ## - INDEX TERM--UNCONTROLLED | |
| Uncontrolled term | ქართული ენა |
| 653 ## - INDEX TERM--UNCONTROLLED | |
| Uncontrolled term | ქართული ენის ისტორია |
| 700 ## - ADDED ENTRY--PERSONAL NAME | |
| Personal name | ძიძიგური, შოთა |
| Relator term | რედაქტორი |
| 9 (RLIN) | 7695 |
| 700 ## - ADDED ENTRY--PERSONAL NAME | |
| Personal name | დანელია, კ. |
| Relator term | ტომის რედაქტორი |
| 9 (RLIN) | 7767 |
| 710 ## - ADDED ENTRY--CORPORATE NAME | |
| Corporate name or jurisdiction name as entry element | საქართველოს სსრ მეცნიერებათა აკადემია |
| 9 (RLIN) | 7768 |
| 942 ## - ADDED ENTRY ELEMENTS (KOHA) | |
| Koha item type | წიგნი |
| Source of classification or shelving scheme | |
| ჩამოწერის სტატუსი | დაკარგული ეგზემპლარის სტატუსი | კლასიფიკაციის წყარო ან თაროზე გაწყობის სქემა | დაზიანების სტატუსი | არ გაიცემა | მუდმივი მდებარეობა (დაცვის ადგილი) | ამჟამინდელი ადგილსამყოფელი | თაროზე განთავსების ადგილი | შეძენის თარიღი | ღირებულება, შესყიდვის ნორმალური ფასი | სრული შენახვის შიფრი | შტრიხკოდი | ბოლო ოპერაციის თარიღი | ეგზემპლარის მიმდევრობითი ნომერი (კეტერი?) | ფასის ძალაში შესვლის თარიღი | ეგზემპლარის სახეობა | საჯარო შენიშვნა | Uniform Resource Identifier |
|---|---|---|---|---|---|---|---|---|---|---|---|---|---|---|---|---|---|
| ბათუმის შოთა რუსთაველის სახელმწიფო უნივერსიტეტის მთავარი ბიბლიოთეკა | ბათუმის შოთა რუსთაველის სახელმწიფო უნივერსიტეტის მთავარი ბიბლიოთეკა | წიგნსაცავი | 2018-12-17 | 10.00 | 811.353.1(09) შ-21 | 51868 | 2018-12-17 | 51868 | 2018-12-17 | წიგნი | 10.00 ლ. | ||||||
| ბათუმის შოთა რუსთაველის სახელმწიფო უნივერსიტეტის მთავარი ბიბლიოთეკა | ბათუმის შოთა რუსთაველის სახელმწიფო უნივერსიტეტის მთავარი ბიბლიოთეკა | წიგნსაცავი | 2018-12-17 | 6.40 | 811.353.1(09) შ-21 | 51869 | 2018-12-17 | 51869 | 2018-12-17 | წიგნი | 6.40 ლ. | ||||||
| ბათუმის შოთა რუსთაველის სახელმწიფო უნივერსიტეტის მთავარი ბიბლიოთეკა | ბათუმის შოთა რუსთაველის სახელმწიფო უნივერსიტეტის მთავარი ბიბლიოთეკა | წიგნსაცავი | 2018-12-17 | 18.00 | 811.353.1(09) შ-21 | 51870 | 2018-12-17 | 51870 | 2018-12-17 | წიგნი | 18.00 ლ. | 51870 | |||||
| ბათუმის შოთა რუსთაველის სახელმწიფო უნივერსიტეტის მთავარი ბიბლიოთეკა | ბათუმის შოთა რუსთაველის სახელმწიფო უნივერსიტეტის მთავარი ბიბლიოთეკა | წიგნსაცავი | 2018-12-17 | 6.40 | 811.353.1(09) შ-21 | 51871 | 2018-12-17 | 51871 | 2018-12-17 | წიგნი | 6.40 ლ. | ||||||
| ბათუმის შოთა რუსთაველის სახელმწიფო უნივერსიტეტის მთავარი ბიბლიოთეკა | ბათუმის შოთა რუსთაველის სახელმწიფო უნივერსიტეტის მთავარი ბიბლიოთეკა | წიგნსაცავი | 2018-12-17 | 6.40 | 811.353.1(09) შ-21 | 51872 | 2018-12-17 | 51872 | 2018-12-17 | წიგნი | 6.40 ლ. | ||||||
| ბათუმის შოთა რუსთაველის სახელმწიფო უნივერსიტეტის მთავარი ბიბლიოთეკა | ბათუმის შოთა რუსთაველის სახელმწიფო უნივერსიტეტის მთავარი ბიბლიოთეკა | წიგნსაცავი | 2018-12-17 | 6.40 | 811.353.1(09) შ-21 | 51873 | 2018-12-17 | 51873 | 2018-12-17 | წიგნი | 6.40 ლ. | ||||||
| ბათუმის შოთა რუსთაველის სახელმწიფო უნივერსიტეტის მთავარი ბიბლიოთეკა | ბათუმის შოთა რუსთაველის სახელმწიფო უნივერსიტეტის მთავარი ბიბლიოთეკა | წიგნსაცავი | 2024-03-06 | 10.00 | 811.353.1(09) შ-21 | 67662 | 2024-03-06 | 67662 | 2024-03-06 | წიგნი | 10.00 |
